Statistics of public school systems in 101 of the most rural counties, 1955-56 / (Record no. 34183)

MARC details
000 -LEADER
fixed length control field 01189cam a22002651 4500
001 - CONTROL NUMBER
control field hew59000004
003 - CONTROL NUMBER IDENTIFIER
control field DLC
005 - DATE AND TIME OF LATEST TRANSACTION
control field 20260227111509.0
008 - FIXED-LENGTH DATA ELEMENTS--GENERAL INFORMATION
fixed length control field 831229s1958 dcuab s f000 0 eng c
010 ## - LIBRARY OF CONGRESS CONTROL NUMBER
LC control number hew59000004
035 ## - SYSTEM CONTROL NUMBER
System control number (OCoLC)10255895
040 ## - CATALOGING SOURCE
Original cataloging agency U.S. Dept. of Health, Education, and Welfare. Library
Transcribing agency CNoS
Modifying agency DLC
042 ## - AUTHENTICATION CODE
Authentication code premarc
050 00 - LIBRARY OF CONGRESS CALL NUMBER
Classification number L111
Item number .A72 no. 529
051 ## - LIBRARY OF CONGRESS COPY, ISSUE, OFFPRINT STATEMENT
Classification number LB1567
Item number .U66
082 ## - DEWEY DECIMAL CLASSIFICATION NUMBER
Classification number 379.173
110 1# - MAIN ENTRY--CORPORATE NAME
Corporate name or jurisdiction name as entry element United States.
Subordinate unit Office of Education.
245 10 - TITLE STATEMENT
Title Statistics of public school systems in 101 of the most rural counties, 1955-56 /
Statement of responsibility, etc. prepared under the direction of Walter H. Gaummitz.
260 ## - PUBLICATION, DISTRIBUTION, ETC.
Place of publication, distribution, etc. [Washington] :
Name of publisher, distributor, etc. U.S. Department of Health, Education, and Welfare,
Date of publication, distribution, etc. 1958.
300 ## - PHYSICAL DESCRIPTION
Extent iii, 23 p. :
Other physical details map, tables ;
Dimensions 27 cm.
440 #0 - SERIES STATEMENT/ADDED ENTRY--TITLE
Title Circular (United States. Office of Education) ;
Volume/sequential designation no. 529
501 ## - WITH NOTE
With note L111.A72 with: Baccalaureate degrees conferred by American colleges in the 17th and 18th centuries / Walter Crosby Eells. [Washington] : Office of Education, 1958. Bound together subsequent to publication.
Institution to which field applies DLC
650 #0 - SUBJECT ADDED ENTRY--TOPICAL TERM
Topical term or geographic name entry element Rural schools
Geographic subdivision United States
Form subdivision Statistics.
650 #0 - SUBJECT ADDED ENTRY--TOPICAL TERM
Topical term or geographic name entry element Education
Geographic subdivision United States
Form subdivision Statistics.

No items available.

Powered by Koha